00524nam a2200145 a 4500008004100000050002300041110004700064245004000111260005900151300000900210350000900219650002700228650004000255710008300295090709s2002 ||||||||||||||||| || u aGOV.ZAM(02)2002/7A aGovernment of the Republic of Zambia (GRZ)10aRepublic of Zambia transport policy aLusakabMinistry of Communications and Transportc2002 a47p. a0.00 aTRANSPORTATION--ZAMBIA aURBAN TRANSPORTATION POLICY--ZAMBIA aGovernment of the Republic of Zambia. Ministry of Communications and Transport